Central Library OPAC University of Rajshahi

The poetical works of Elizabeth Barrett Browning : (Record no. 11512)

MARC details
000 -LEADER
fixed length control field 00795nam a2200241 a 4500
001 - CONTROL NUMBER
control field 11512
003 - CONTROL NUMBER IDENTIFIER
rucl marc code BD-RjUL
005 - DATE AND TIME OF LATEST TRANSACTION
control field 20211208235134.0
008 - FIXED-LENGTH DATA ELEMENTS--GENERAL INFORMATION
fixed length control field 161120r19511904enka b 001 0 eng
035 ## - SYSTEM CONTROL NUMBER
System control number BD-RjUL)11561
040 ## - CATALOGING SOURCE
Original cataloging agency DLC
Transcribing agency DLC
Modifying agency DLC
-- BD-RjUL
Language of cataloging eng
041 ## - LANGUAGE CODE
Language code of text/sound track or separate title eng
082 00 - DEWEY DECIMAL CLASSIFICATION NUMBER
Classification number 821
Edition number 23
Author mark and year BRP 1951
100 1# - MAIN ENTRY--PERSONAL NAME
Personal name Browning, Elizabeth Barrett
9 (RLIN) 165663
245 14 - TITLE STATEMENT
Title The poetical works of Elizabeth Barrett Browning :
Remainder of title with two prose essays /
Statement of responsibility, etc. Elizabeth Barrett Browning
260 ## - PUBLICATION, DISTRIBUTION, ETC. (IMPRINT)
Place of publication, distribution, etc. London :
Name of publisher, distributor, etc. Oxford university press,
Date of publication, distribution, etc. c1904 [ Reprinted 1951]
300 ## - PHYSICAL DESCRIPTION
Pagination viii, 663 p. ;
Size 19 cm
500 ## - GENERAL NOTE
General note Includes Index
600 ## - SUBJECT ADDED ENTRY--PERSONAL NAME
Personal name Browning, Elizabeth Barrett,
Chronological subdivision 1806-1861
650 #0 - SUBJECT ADDED ENTRY--TOPICAL TERM
Topical term or geographic name as entry element English poetry
9 (RLIN) 35610
Topical term or geographic name as entry element Cell separation
General subdivision Methods.
9 (RLIN) 35611
942 ## - ADDED ENTRY ELEMENTS (KOHA)
Source of classification or shelving scheme Dewey Decimal Classification
Koha item type Books
Holdings
Lost status Source of classification or shelving scheme Damaged status Not for loan Collection code Permanent Location Current Location Shelving location Date acquired Source of acquisition Total Checkouts Full call number Date last seen Copy number Koha item type
  Dewey Decimal Classification     Non-fiction Central Library, University of Rajshahi Central Library, University of Rajshahi   25/01/1958 V.C.R.U.   821 BRP 1951 20/11/2016 C-2 Books